[Event "Sant Boi op 29th"]
[Site "Sant Boi de Llobregat"]
[Date "2017.05.12"]
[Round "4"]
[White "Solera Castellano, Xavier"]
[Black "Ros Alonso, Joana"]
[Result "0-1"]
[WhiteElo "1947"]
[BlackElo "1952"]
[PlyCount "114"]
[EventDate "2017.04.21"]
[EventType "swiss"]
[EventRounds "9"]
[EventCountry "ESP"]
[SourceTitle "CBM 187 Extra"]
[Source "ChessBase"]
[SourceDate "2018.11.04"]
[SourceVersion "1"]
[SourceVersionDate "2018.11.04"]
[SourceQuality "1"]

1. d4 Nf6 2. Bf4 g6 3. e3 Bg7 4. Nf3 0-0 5. Be2 d5 6. 0-0 c5 7. c3 Nc6 8. Ne5 Qb6 9. Qb3 c4 10. Qxb6 axb6 11. Na3 Ne4 12. f3 Bxe5 13. fxe4 Bxf4 14. Rxf4 e6 15. exd5 exd5 16. e4 Re8 17. Bf3 g5 18. Rf6 dxe4 19. Be2 Be6 20. Nxc4 Kg7 21. Raf1 Rxa2 22. Nd6 Re7 23. Nxe4 Rxb2 24. Ng3 Rxe2 25. Nxe2 Bc4 26. Ng3 Bxf1 27. Rxf1 Rc7 28. Rb1 Nd8 29. Rxb6 Rxc3 30. Rd6 Ne6 31. d5 Nd4 32. Rb6 Rb3 33. Rxb3 Nxb3 34. Ne4 h6 35. Kf2 Kf8 36. Kf3 Ke7 37. Kg4 b5 38. Kh5 f5 39. Nc3 Nd4 40. Kxh6 g4 41. Kg5 b4 42. Na2 b3 43. Nc3 Kd6 44. Kf4 b2 45. Ke3 Nc2+ 46. Kd2 Na3 47. Ke3 Ke5 48. h4 f4+ 49. Kd3 b1Q+ 50. Nxb1 Nxb1 51. d6 Kxd6 52. Ke4 f3 53. gxf3 g3 54. Ke3 Nd2 55. f4 Ke6 56. h5 Kf5 57. h6 Kg6 0-1

[Event "Sant Boi op 29th"]
[Site "Sant Boi de Llobregat"]
[Date "2017.04.28"]
[Round "2"]
[White "Solera Castellano, Xavier"]
[Black "Sanglas Clariana, Josep"]
[Result "0-1"]
[WhiteElo "1947"]
[BlackElo "2193"]
[PlyCount "94"]
[EventDate "2017.04.21"]
[EventType "swiss"]
[EventRounds "9"]
[EventCountry "ESP"]
[SourceTitle "CBM 187 Extra"]
[Source "ChessBase"]
[SourceDate "2018.11.04"]
[SourceVersion "1"]
[SourceVersionDate "2018.11.04"]
[SourceQuality "1"]

1. d4 d5 2. Bf4 Nf6 3. e3 c5 4. c3 Nc6 5. Nd2 Bf5 6. Qb3 Qc7 7. Bb5 a6 8. Bxc6+ Qxc6 9. dxc5 Nd7 10. e4 dxe4 11. Be3 e5 12. Ne2 Nxc5 13. Bxc5 Bxc5 14. 0-0 0-0 15. Ng3 Be6 16. Qc2 f5 17. Rad1 Ba7 18. Rfe1 Qb6 19. Ndf1 Bxa2 20. Qe2 Rac8 21. Rd2 Bc4 22. Qh5 g6 23. Qg5 Qf6 24. Qh6 Qg7 25. Qh3 Bd3 26. Red1 Rcd8 27. Kh1 Qf6 28. Qh6 f4 29. Rxd3 exd3 30. Ne4 Qf5 31. Ng5 Rd7 32. Nd2 Bb6 33. Nde4 Bd8 34. f3 Bxg5 35. Nxg5 d2 36. Ne4 Qh5 37. Qxh5 gxh5 38. Kg1 Rd3 39. Kf2 Rfd8 40. Nc5 R3d5 41. Ne4 Rb5 42. b4 a5 43. bxa5 Rxa5 44. Ke2 Ra2 45. c4 Kf7 46. c5 Ke6 47. Nd6 Rxd6 0-1

[Event "Barcelona Ateneu Colon op 7th"]
[Site "Barcelona"]
[Date "2012.04.10"]
[Round "1"]
[White "Solera Castellano, Xavier"]
[Black "Fabre Massana, Miquel"]
[Result "1/2-1/2"]
[WhiteElo "1718"]
[BlackElo "2124"]
[PlyCount "106"]
[EventDate "2012.04.10"]
[EventType "swiss"]
[EventRounds "9"]
[EventCountry "ESP"]
[SourceTitle "CBM 148 Extra"]
[Source "ChessBase"]
[SourceDate "2012.06.22"]
[SourceVersion "1"]
[SourceVersionDate "2012.06.22"]
[SourceQuality "1"]

1. d4 Nf6 2. Bf4 c5 3. e3 Qb6 4. Nc3 a6 5. dxc5 Qxc5 6. Nf3 Nc6 7. a3 e6 8. h3 d5 9. Be2 Be7 10. 0-0 0-0 11. Ne5 b5 12. Re1 Bb7 13. Bd3 Rfd8 14. Qe2 Rac8 15. Na2 Nxe5 16. Bxe5 Nd7 17. Bd4 Qc7 18. Qh5 g6 19. Qh6 e5 20. Bc3 Bf8 21. Qh4 Bg7 22. Rad1 Nc5 23. Nb4 a5 24. Na2 Nxd3 25. cxd3 d4 26. exd4 exd4 27. Bd2 Re8 28. Rc1 Rxe1+ 29. Bxe1 Qd7 30. Rxc8+ Qxc8 31. Bxa5 h5 32. Qe7 Qc6 33. Qe4 Qd7 34. Qh4 Qd5 35. Qd8+ Bf8 36. Qxd5 Bxd5 37. Nb4 Bxb4 38. Bxb4 Bb3 39. Kf1 f5 40. h4 Kf7 41. Bc5 Ke6 42. Bxd4 f4 43. g3 fxg3 44. fxg3 Kd5 45. Ba7 Ba4 46. Ke2 Bb3 47. Ke3 Bc2 48. Bd4 Bb3 49. Bc3 Bc2 50. Kd2 Bb3 51. Ba5 Ba4 52. Kc3 Bd1 53. Kb4 Kc6 1/2-1/2